LEADER 02104nam a2200241 i 4500 001 000000243049 003 CaOOAMICUS 005 20251212143614.0 008 150622s1790 it u000 u ita u 013 $a221954 026 $ae-ae e.e- elhe indu (3) 1790 (R) 040 $aSeMil$bita 100 1 $aBossuet, Jacques-Bénigne,$c.$0(OLS)http://semarc/name/1094 245 10$aVia piana, unica, e sicura per ogni fedele che traviar non voglia dalla retta e sana credenza nelle presenti controversie di religione riconosciuta nella vera docilità e intiera sottomissione alla visibile autorita della Chiesa, ... di Monsignor Gio. Benigno Bossuet vescovo di Meaux ed in altre due di Monsignor Giangiuseppe Languet vescovo di Soissons. Traduzione dal francese con note. 260 $aIn Bergamo :$bDalla Stamperia Locatelli,$c1790. 300 $a3 pt. (64, 67, [1], 44, [4] p.) ;$c12°. 500 $aContiene: Istruzione di monsignor vescovo di Soissons indirizzata alla signora ... nella quale si dimostra qual e il partito piu sicuro nelle contestazioni sulla Costituzione Unigenitus, J. J. Langet ; Seconda istruzione di monsignor vescovo di Soissons indirizzata a vantaggio della signora marchesa di ... nella quale si dimostra qual e in oggi il partito piu sicuro ... J. J. Languet. 700 1 $aLanguet de Gercy, Jean Joseph,$c.$0(OLS)http://semarc/name/13525 850 $aSeMil 852 $aSeMil$W1$xVenegono$y1$m3F II 380 FA$j193395$B193395$CSeMilBibl$Z2$F204182 $8I 996 $6245$aVia piana, unica, e sicura per ogni fedele che traviar non voglia dalla retta e sana credenza nelle presenti controversie di religione riconosciuta nella vera docilità e intiera sottomissione alla visibile autorita della Chiesa, ... di Monsignor Gio. Benigno Bossuet vescovo di Meaux ed in altre due di Monsignor Giangiuseppe Languet vescovo di Soissons. Traduzione dal francese con note$9(OLS)http://semarc/title/344829 996 $6260$aIn Bergamo :$bDalla Stamperia Locatelli$9(OLS)http://semarc/publisher/43872 LEADER 02559nam a2200301 i 4500 001 000000244529 003 CaOOAMICUS 005 20201224105611.0 008 150811s1604 it u000 u lat u 013 $a223434 026 $a.QVM eta- ema- post (3) 1604 (R) 040 $aSeMil$bita 100 1 $aVillalpando, Juan Bautista,$d<1552-1608>.$0(OLS)http://semarc/name/14959 245 10$aTomi 3 Apparatus vrbis ac templi Hierosolymitani pars 1. et 2. Ioannis Baptistae Villalpandi Cordubensis e Societate Iesu. Collato studio cum H. Prado ... 264 1$aRomae :$bTypis Ildefonsi Ciacconji ; excudebat Carolus Vulliettus,$c1604$e(Romae :$f typis Illefonsi Ciacconij ; excudebat Carolus Vulliettus,$g1602) 300 $aXVI, 573, [i.e. 607], [3] p. :$bill. calcogr, ;$cfol. 500 $aI due fascicoli segnati 2O ?2O² sono tabelle di cui la prima è stampata in rosso e nero; i bifoli non segnati contengono illustrazioni a piena pagina su verso e recto delle carte a riscontro; il bifolio inserito dopo il fascicolo 2V? è numerato a carte; le p. 530-550 segnate 2Z-3E² sono tabelle ripiegate, alcune numerate a carte; errata numerazione del fascicolo 3K. - La tavola doppia inserita dopo il fascicolo 2v2 è numerata a carte. - P. 573 erroneamente numerata 675; le p. 599-603 erroneamente numerate 569-573 500 $aSegn.: croce greca? A-E? F? ?² G-V? X-Y? Z-2C? 2D?(2D5+?²) 2E? 2F-2M? 2N? ?² 2O² 2P-2T? 2V? ?² 2X? 2Y? 2Z-3E² 3F-3I? 3K? (3K? bianca) 700 1 $aPrado, Jeronimo : de,$d<1547-1595>.$0(OLS)http://semarc/name/14960 710 0 $aVullietti, Carlo .$0(OLS)http://semarc/name/14963 710 0 $aCiaccone, Alfonso .$0(OLS)http://semarc/name/14961 773 0 $aPrado, Jeronimo : de <1547-1595>$tHieronymi Pradi et Ioannis Baptistae Villalpandi e Societate Iesu In Ezechielem explanationes et Apparatus urbis, ac templi Hierosolymitani. Commentariis et imaginibus illustratus. Opus tribus tomis distinctum.$dRomae : [s.n.], 1596-1604.$w()340562 850 $aSeMil 852 $aSeMil$W1$xVenegono$y1$mFV.B IX 29$j223244$B234516$CSeMilBibl$Z2$F234516 $86 961 $aMutilo delle cc. 379-382 996 $6245$aTomi 3 Apparatus vrbis ac templi Hierosolymitani pars 1. et 2. Ioannis Baptistae Villalpandi Cordubensis e Societate Iesu. Collato studio cum H. Prado ...$9(OLS)http://semarc/title/346444 996 $6264$aRomae :$bTypis Ildefonsi Ciacconji ; excudebat Carolus Vulliettus$9(OLS)http://semarc/publisher/54893